| 000 | 02646cam a2200325 i 4500 | ||
|---|---|---|---|
| 003 | SA-RiAUC | ||
| 005 | 20250206075948.0 | ||
| 008 | 250202s2001 ua g 00010 ara c | ||
| 020 | _a9773410269 | ||
| 040 |
_aKW-ShULA _bara _cSA-RiAUC _erda |
||
| 043 | _aa-su--- | ||
| 082 | 0 | 4 |
_a953.121 _qSA-RiAUC |
| 090 |
_a953.121 _b ح ض ر |
||
| 100 | 1 |
_aالحضراوي، أحمد بن محمد بن أحمد، _d1252-1327 هجري _eمؤلف. |
|
| 245 | 1 | 0 |
_aكتاب العقد الثمين في فضائل البلد الأمين / _cللحضراوي ؛ تقديم وتحقيق وتعليق محمد زينهم محمد عزب. |
| 246 | 3 | 0 | _aالعقد الثمين في فضائل البلد الأمين |
| 264 | 1 |
_aالقاهرة : _bمكتبة الثقافة الدينية، _c2001 |
|
| 300 |
_a265 صفحة ؛ _c24 سم. |
||
| 336 |
_aنص _btxt _2rdacontent _3كتاب |
||
| 337 |
_aبدون وسيط _bn _2rdamedia |
||
| 338 |
_aمجلد _bnc _2rdacarrier |
||
| 490 | 0 | _aمن تراث مكة | |
| 651 | 7 |
_aمكة المكرمة _xفضائل _2aucsh |
|
| 651 | 7 |
_aمكة المكرمة _xتاريخ _2aucsh |
|
| 700 | 1 |
_aعزب، محمد زينهم محمد _eمحقق. |
|
| 856 |
_uhttp://dlib.nyu.edu/aco/book/columbia_aco000414/1?lang=ar _yDigital Copy _2 نرجو الانتباه لإمكانية وجود اختلاف في الطبعة أو الناشر بين البيانات على البوابة وما ستجده على الكتاب نظرا لمحدودية المعلومات المتاحة على الموقع الناشر للمادة. _3Please note that there may be a difference in the edition or publisher between the data on the portal and the book due to the limited information available on the publisher website for the material. |
||
| 856 |
_uhttp://dl-img.home.nyu.edu/adore-djatoka/resolver?url_ver=Z39.88-2004&svc_id=info%3Alanl-repo/svc/getRegion&svc_val_fmt=info%3Aofi/fmt%3Akev%3Amtx%3Ajpeg2000&svc.format=image/jpeg&rft_id=http%3A//dlib.nyu.edu/files/books/columbia_aco000414/columbia_aco000414_afr01_d.jp2&svc.scale=230 _yCoverImage _2 نرجو الانتباه لإمكانية وجود اختلاف في الطبعة أو الناشر بين البيانات على البوابة وما ستجده على الكتاب نظرا لمحدودية المعلومات المتاحة على الموقع الناشر للمادة. _3Please note that there may be a difference in the edition or publisher between the data on the portal and the book due to the limited information available on the publisher website for the material. |
||
| 942 |
_2ddc _cBOOK _n0 |
||
| 949 |
_aSA-JeALM _d250202 _umohamedma123 _n1 |
||
| 999 |
_c5669 _d5669 |
||